[Event "Monarch Assurance U175 15th"]
[Site "Port Erin"]
[Date "2006.09.29"]
[Round "5"]
[White "Kearsley, Raymond J"]
[Black "Couch, Douglas"]
[Result "1-0"]
[WhiteElo "1640"]
[BlackElo "1152"]
[PlyCount "63"]
[EventDate "2006.09.25"]
[EventType "swiss"]
[EventRounds "7"]
[EventCountry "IOM"]
[SourceTitle "EXT 2008"]
[Source "ChessBase"]
[SourceDate "2007.11.25"]
[SourceVersion "1"]
[SourceVersionDate "2007.11.25"]
[SourceQuality "1"]

1. e4 c5 2. Nc3 Nc6 3. d3 g6 4. g3 Bg7 5. Bg2 d6 6. f4 Rb8 7. Nf3 b5 8. 0-0 b4 9. Nd5 e6 10. Ne3 Nge7 11. Nh4 f5 12. exf5 exf5 13. Nd5 0-0 14. Re1 Bb7 15. c3 a5 16. Qa4 Re8 17. Bd2 Kh8 18. Nxe7 Nxe7 19. Bxb7 Rxb7 20. Re2 d5 21. Rae1 d4 22. c4 Ra7 23. Qb5 Qc8 24. Nf3 Bf6 25. Ne5 Ra6 26. Nd7 Kg7 27. Nxc5 Ra7 28. Ne6+ Kf7 29. c5 h6 30. Qc4 Qd7 31. Ng5+ Kg7 32. Qf7+ 1-0

[Event "Monarch Assurance U175 15th"]
[Site "Port Erin"]
[Date "2006.09.25"]
[Round "1"]
[White "Couch, Douglas"]
[Black "Kennedy, Philip J"]
[Result "0-1"]
[WhiteElo "1152"]
[BlackElo "1656"]
[PlyCount "64"]
[EventDate "2006.09.25"]
[EventType "swiss"]
[EventRounds "7"]
[EventCountry "IOM"]
[SourceTitle "EXT 2008"]
[Source "ChessBase"]
[SourceDate "2007.11.25"]
[SourceVersion "1"]
[SourceVersionDate "2007.11.25"]
[SourceQuality "1"]

1. e4 c5 2. Nc3 Nc6 3. g3 g6 4. Bg2 Bg7 5. d3 d6 6. Be3 e6 7. Qd2 Rb8 8. Nge2 b5 9. 0-0 Nd4 10. Rab1 b4 11. Nd1 Qa5 12. Ra1 Qa4 13. Bxd4 cxd4 14. f4 Ne7 15. Nf2 0-0 16. Ng4 f5 17. exf5 exf5 18. Nf2 Bb7 19. b3 Qd7 20. Bxb7 Qxb7 21. Nh3 h5 22. Rf2 Nd5 23. a3 a5 24. Kf1 Rfc8 25. Kg1 Ne3 26. axb4 Rxc2 27. Qe1 axb4 28. Rc1 Rbc8 29. Rxc2 Rxc2 30. Nc1 Qc6 31. Rxc2 Qxc2 32. Nf2 Qc6 0-1